Dibujo y Diseño en Ingeniería
| Main Author: | |
|---|---|
| Format: | Section = Libro |
| Language: | Undetermined Spanish |
| Published: |
México
McGraw-Hill
2004
|
| Edition: | 6a.ed. |
| Subjects: |
| LEADER | 00570nam a2200205Ia 4500 | ||
|---|---|---|---|
| 008 | 241007s9999||||xx |||||||||||||| ||und|| | ||
| 020 | |a 978-970-103967-0 | ||
| 040 | |a BIBLIOTECA-RURC/ 743.4 J4531 | ||
| 041 | |a spa | ||
| 082 | |a 743.4 J4531 | ||
| 100 | 1 | |a Jensen, Cecil | |
| 245 | 1 | 0 | |a Dibujo y Diseño en Ingeniería |
| 250 | |a 6a.ed. | ||
| 260 | |a México |b McGraw-Hill |c 2004 | ||
| 300 | |a 840 p :il. | ||
| 650 | 7 | |a DIBUJO BASICO Y DISEÑO | |
| 650 | 7 | |b DIBUJO Y DISEÑO EJECUTIVO I. HELSEL, JAY D. SHORT, DENNIS R, I | |
| 942 | |c BK |2 ddc | ||
| 991 | |a TEXTO | ||
| 999 | |c 14588 | ||